Nástroje menovej politiky

Diskontná politika ako historicky prvý nástroj menovej politiky. Operácie na voľnom trhu sú od tridsiatych rokov hlavným nástrojom menovej politiky v USA. Politika povinných minimálnych rezerv - účinný nástroj menovej politiky, pretože bezprostredne ovplyvňuje likviditu obchodných bánk. Podstatou de...

ver descrição completa

Na minha lista:
Detalhes bibliográficos
Autor principal: Sobek, Otto
Formato: Capítulo de Livro
Idioma:eslovaco
Assuntos:
Tags: Adicionar Tag
Sem tags, seja o primeiro a adicionar uma tag!

MARC

LEADER 00000naa a2200000 4500
001 r028022
005 20230809081538.2
041 0 |a slo 
044 |a SK 
245 1 0 |a Nástroje menovej politiky  |c Otto Sobek 
520 |a Diskontná politika ako historicky prvý nástroj menovej politiky. Operácie na voľnom trhu sú od tridsiatych rokov hlavným nástrojom menovej politiky v USA. Politika povinných minimálnych rezerv - účinný nástroj menovej politiky, pretože bezprostredne ovplyvňuje likviditu obchodných bánk. Podstatou depozitnej politiky je premiestňovanie zostatkov rozpočtov medzi centrálnou bankou a obchodnými bankami. Moral sussion (morálne presviedčanie). Účinky opatrení devízovej politiky. Kontingentácia maximálneho objemu reeskontu, zavedenie úverových limitov. 
610 2 0 |a politika menová 
610 2 0 |a nástroje politiky menovej 
610 2 0 |a banky centrálne 
610 2 0 |a banky obchodné 
610 2 0 |a nástroje ekonomické 
610 2 0 |a operácie bankové 
610 2 0 |a trh verejný 
610 2 0 |a sadzby diskontné 
610 2 0 |a limity úverové 
100 1 |a Sobek, Otto